[Event "Vienna op-C"]
[Site "Vienna"]
[Date "1996.??.??"]
[Round "1"]
[White "Judoeika, R."]
[Black "Kuenitz, S."]
[Result "1-0"]
[WhiteElo "2065"]
[BlackElo "2195"]
[PlyCount "63"]
[EventDate "1996.08.??"]
[EventType "swiss"]
[EventRounds "9"]
[EventCountry "AUT"]
[SourceTitle "EXT 2000"]
[Source "ChessBase"]
[SourceDate "1999.11.16"]
[SourceVersion "1"]
[SourceVersionDate "1999.11.16"]
[SourceQuality "1"]

1. d4 Nf6 2. c4 g6 3. Nc3 Bg7 4. e4 d6 5. Be2 0-0 6. Bg5 e5 7. dxe5 dxe5 8. Qxd8 Rxd8 9. Nd5 Nbd7 10. Rd1 Rf8 11. Nxc7 Rb8 12. Nf3 h6 13. Be3 b6 14. Nd2 Nc5 15. f3 Na4 16. Rb1 Nh5 17. Nd5 f5 18. 0-0 f4 19. Bf2 Be6 20. Rfc1 Rfd8 21. b3 Nc5 22. b4 Nb7 23. Nb3 Bf8 24. c5 bxc5 25. bxc5 Rdc8 26. c6 Nd6 27. Ba6 Ng7 28. Bxc8 Nxc8 29. Nc5 Rxb1 30. Rxb1 Ne7 31. Nxe6 Nxe6 32. c7 1-0